Propuesta de Estrategia. Programa País 2002-2006

Guardado en:
書目詳細資料
企業作者: UNICEF. Costa Rica
格式: Texto
出版: San José: UNICEF
標簽: 添加標簽
沒有標簽, 成為第一個標記此記錄!

MARC

LEADER 00000 a a2200000 04500
001 12041
003
040
090 |a 141600  
110 |a UNICEF. Costa Rica  
245 |a Propuesta de Estrategia. Programa País 2002-2006  
260 |a San José:   |b UNICEF  
300 |a 24 p.  
999 |c 11510  |d 11510